| 000 | 00765nam a22002414a 4500 | ||
|---|---|---|---|
| 999 |
_c148894 _d148894 |
||
| 003 | UPN | ||
| 005 | 20220513184429.0 | ||
| 008 | 100622s1996 es a r 000 0 spa d | ||
| 020 | _a9788431636685 | ||
| 035 | _aUPN01000176791 | ||
| 040 |
_aUPN _bspa _cUPN |
||
| 049 | _aCG | ||
| 050 | 4 |
_aPQ6439 _bC3.2 |
|
| 100 | 1 |
_aVega Carpio, Félix Lope de, _d1562-1635 _929483 |
|
| 245 | 1 | 3 |
_aEl caballero de Olmedo / _cLope de Vega ; ed., introd. y estudio de la obra Felipe B. Pedraza Jiménez ; il. Jesús Gabán. |
| 260 |
_aBarcelona, Esp. : _bVicens Vives, _c1996. |
||
| 300 |
_a127 p. : _bil. |
||
| 490 |
_aClásicos hispánicos ; _v12 |
||
| 650 | 4 |
_aCOMEDIA ESPAÑOLA _99748 |
|
| 700 | 1 |
_aPedraza Jiménez, Felipe B., _eed. |
|
| 905 | _aLibro | ||
| 942 |
_2lcc _cLIBRO |
||